| 000 | 01426nam a2200289 i 4500 | ||
|---|---|---|---|
| 001 | 126217 | ||
| 003 | ES-MaACL | ||
| 005 | 20250831120337.0 | ||
| 008 | 211229s2017 it 001 0dspa | ||
| 020 | _a978-84-697-7105-1 | ||
| 020 | _a978-84-697-7736-7 | ||
| 080 | _a272-789.9 Escolapias (091) | ||
| 100 | 1 |
_aLabarta, María Luisa. _9173953 |
|
| 245 | 1 | 0 |
_aHistoria del Instituto de Hijas de María, religiosas de las Escuelas Pías / _cMª Luisa Labarta Sch.P. |
| 260 |
_aRoma : _bInstituto de Hijas de María Religiosas de las Escuelas Pías, _c2017 ( _eZaragoza : _fARPIrelieve) |
||
| 300 |
_a2 v. (XX, 1952 p.) : _b1 il. col. ; _c25 cm. |
||
| 500 | _aÍndice. | ||
| 504 | _aBibliografía: p. [1883]-1886. | ||
| 505 | 8 | _aContiene: T. I, v. A, Primera parte. La Fundadora [Paula Montal Fornés] y el Instituto 1799-1900 - T. II, v. B. (Cap. XII-XIX) . Segunda parte. Elementos constitutivos del Instituto de las Hijas de María Escolapias (Cap. I-V) | |
| 600 | 0 | 4 |
_aPaula Montal, _cSanta, _d1799-1889 _9173955 |
| 610 | 2 | 4 |
_aEscolapias- _vHistoria. _9173954 |
| 710 | 2 |
_aEscolapias. _93512 |
|
| 852 | 4 |
_aES-MaACL _jA-14821 _9 130856 _bR.152235 _cDEPO1 _dOlim: N-7821 _hDonación: Editorial _pVol.1 _xEncuadernación en cartoné |
|
| 852 | 4 |
_aES-MaACL _jA-14822 _bR.152235 _cDEPO1 _dOlim: N 7822 _hDonación: Editorial _pVol.2 _xEncuadernación en cartoné _9 201071 |
|
| 942 | _2udc | ||
| 999 |
_c126217 _d126217 |
||